[Event "DVM U20w 2022"]
[Site "Münster GER"]
[Date "2022.12.28"]
[Round "3"]
[White "Mönster, Madita"]
[Black "Falke, Ornella"]
[Result "1-0"]
[Termination "normal"]
[Board "3.1"]
[BlackTitle "WCM"]
[WhiteElo "1916"]
[BlackElo "2016"]
[WhiteClock "00:08:38"]
[BlackClock "00:01:08"]
[WhiteTeam "SK Nordhorn-Blanke"]
[BlackTeam "Elmshorner SC von 1896"]
[PlyCount "79"]
[WhiteFideId "12947156"]
[BlackFideId "16207092"]
[EventCountry "GER"]
[EventRounds "7"]
[EventType "team-swiss"]
[EventDate "2022.12.26"]

1. e4 {[%clk 01:30:57]} {[%emt 00:00:02]} c5 {[%clk 01:30:51]} {[%emt
00:00:10]} 2. Nf3 {[%clk 01:31:21]} {[%emt 00:00:06]} d6 {[%clk 01:31:16]}
{[%emt 00:00:05]} 3. d4 {[%clk 01:31:46]} {[%emt 00:00:04]} cxd4 {[%clk
01:31:43]} {[%emt 00:00:04]} 4. Nxd4 {[%clk 01:32:10]} {[%emt 00:00:06]} Nf6
{[%clk 01:32:09]} {[%emt 00:00:03]} 5. Nc3 {[%clk 01:32:24]} {[%emt 00:00:16]}
a6 {[%clk 01:32:32]} {[%emt 00:00:07]} 6. h4 {[%clk 01:32:27]} {[%emt
00:00:26]} e5 {[%clk 01:32:15]} {[%emt 00:00:47]} 7. Nf5 {[%clk 01:32:50]}
{[%emt 00:00:08]} d5 {[%clk 01:24:14]} {[%emt 00:08:31]} 8. Qf3 {[%clk
01:33:09]} {[%emt 00:00:10]} d4 {[%clk 01:11:49]} {[%emt 00:12:56]} 9. Nd5
{[%clk 01:32:51]} {[%emt 00:00:48]} Nxd5 {[%clk 00:55:44]} {[%emt 00:16:34]}
10. exd5 {[%clk 01:33:09]} {[%emt 00:00:12]} Nd7 {[%clk 00:46:06]} {[%emt
00:10:08]} 11. Qe4 {[%clk 01:16:36]} {[%emt 00:17:03]} Qb6 {[%clk 00:41:49]}
{[%emt 00:04:47]} 12. Bd3 {[%clk 01:12:33]} {[%emt 00:04:34]} g6 {[%clk
00:40:01]} {[%emt 00:02:19]} 13. Nh6 {[%clk 01:07:16]} {[%emt 00:05:46]} f5
{[%clk 00:39:04]} {[%emt 00:01:27]} 14. Qe2 {[%clk 01:05:29]} {[%emt 00:02:17]}
Bb4 {[%clk 00:34:39]} {[%emt 00:04:56]} 15. c3 {[%clk 01:02:17]} {[%emt
00:03:41]} dxc3 {[%clk 00:33:23]} {[%emt 00:01:46]} 16. O-O {[%clk 01:02:33]}
{[%emt 00:00:13]} Qd4 {[%clk 00:30:33]} {[%emt 00:03:21]} 17. Be3 {[%clk
00:53:49]} {[%emt 00:09:14]} Qxh4 {[%clk 00:30:20]} {[%emt 00:00:43]} 18. bxc3
{[%clk 00:53:18]} {[%emt 00:01:01]} Bd6 {[%clk 00:29:57]} {[%emt 00:00:53]} 19.
Bxf5 {[%clk 00:46:20]} {[%emt 00:07:27]} e4 {[%clk 00:25:36]} {[%emt 00:04:52]}
20. g3 {[%clk 00:36:26]} {[%emt 00:10:24]} Bxg3 {[%clk 00:25:08]} {[%emt
00:00:58]} 21. fxg3 {[%clk 00:36:52]} {[%emt 00:00:05]} Qxg3 {[%clk 00:25:33]}
{[%emt 00:00:05]} 22. Kh1 {[%clk 00:37:05]} {[%emt 00:00:17]} gxf5 {[%clk
00:25:23]} {[%emt 00:00:40]} 23. Qh5 {[%clk 00:36:17]} {[%emt 00:01:17]} Qg6
{[%clk 00:25:14]} {[%emt 00:00:39]} 24. Qxf5 {[%clk 00:35:27]} {[%emt
00:01:19]} Rf8 {[%clk 00:23:30]} {[%emt 00:02:15]} 25. Qxg6 {[%clk 00:32:53]}
{[%emt 00:03:04]} hxg6 {[%clk 00:23:54]} {[%emt 00:00:06]} 26. c4 {[%clk
00:30:21]} {[%emt 00:03:02]} Rh8 {[%clk 00:18:13]} {[%emt 00:06:12]} 27. Kg2
{[%clk 00:27:51]} {[%emt 00:02:59]} Ne5 {[%clk 00:12:11]} {[%emt 00:06:34]} 28.
c5 {[%clk 00:20:59]} {[%emt 00:07:21]} Ng4 {[%clk 00:11:42]} {[%emt 00:00:59]}
29. Nxg4 {[%clk 00:21:06]} {[%emt 00:00:23]} Bxg4 {[%clk 00:12:09]} {[%emt
00:00:04]} 30. Rf6 {[%clk 00:19:33]} {[%emt 00:02:02]} O-O-O {[%clk 00:12:03]}
{[%emt 00:00:36]} 31. d6 {[%clk 00:17:27]} {[%emt 00:02:37]} Bf3 {[%clk
00:08:47]} {[%emt 00:03:46]} 32. Kg3 {[%clk 00:17:07]} {[%emt 00:00:49]} Rdg8
{[%clk 00:06:41]} {[%emt 00:02:36]} 33. Rf7 {[%clk 00:15:45]} {[%emt 00:01:52]}
g5 {[%clk 00:05:29]} {[%emt 00:01:43]} 34. Rc7 {[%clk 00:13:20]} {[%emt
00:02:54]} Kb8 {[%clk 00:04:54]} {[%emt 00:01:06]} 35. Rb1 {[%clk 00:11:04]}
{[%emt 00:02:47]} b5 {[%clk 00:05:16]} {[%emt 00:00:07]} 36. cxb6 {[%clk
00:10:16]} {[%emt 00:01:18]} Rh6 {[%clk 00:03:20]} {[%emt 00:02:27]} 37. b7
{[%clk 00:08:08]} {[%emt 00:02:38]} Rxd6 {[%clk 00:03:13]} {[%emt 00:00:37]}
38. Re7 {[%clk 00:08:08]} {[%emt 00:00:29]} Rd3 {[%clk 00:00:41]} {[%emt
00:03:01]} 39. Ba7 {[%clk 00:08:16]} {[%emt 00:00:22]} Kxa7 {[%clk 00:01:08]}
{[%emt 00:00:04]} 40. b8=Q# {[%clk 00:08:38]} {[%emt 00:00:08]} 1-0

[Event "DVM U20w 2022"]
[Site "Münster GER"]
[Date "2022.12.28"]
[Round "3"]
[White "Wilmink, Anna"]
[Black "Margaryan, Susanna"]
[Result "1-0"]
[Termination "normal"]
[Board "3.3"]
[WhiteElo "1725"]
[BlackElo "1415"]
[WhiteClock "00:24:24"]
[BlackClock "00:20:37"]
[WhiteTeam "SK Nordhorn-Blanke"]
[BlackTeam "Elmshorner SC von 1896"]
[PlyCount "61"]
[WhiteFideId "16273680"]
[BlackFideId "16268210"]
[EventCountry "GER"]
[EventRounds "7"]
[EventType "team-swiss"]
[EventDate "2022.12.26"]

1. e4 {[%clk 01:30:58]} d5 {[%clk 01:30:46]} {[%emt 00:00:14]} 2. exd5 {[%clk
01:31:18]} {[%emt 00:00:11]} Qxd5 {[%clk 01:31:10]} {[%emt 00:00:06]} 3. Nc3
{[%clk 01:31:40]} {[%emt 00:00:09]} Qa5 {[%clk 01:31:25]} {[%emt 00:00:15]} 4.
d4 {[%clk 01:31:47]} {[%emt 00:00:22]} c6 {[%clk 01:31:40]} {[%emt 00:00:16]}
5. Nf3 {[%clk 01:31:51]} {[%emt 00:00:26]} Bg4 {[%clk 01:31:42]} {[%emt
00:00:27]} 6. h3 {[%clk 01:31:53]} {[%emt 00:00:28]} Bh5 {[%clk 01:32:01]}
{[%emt 00:00:11]} 7. g4 {[%clk 01:31:39]} {[%emt 00:00:44]} Bg6 {[%clk
01:31:33]} {[%emt 00:00:58]} 8. Ne5 {[%clk 01:31:38]} {[%emt 00:00:30]} Nd7
{[%clk 01:24:59]} {[%emt 00:07:04]} 9. Nxd7 {[%clk 01:27:07]} {[%emt 00:05:01]}
Kxd7 {[%clk 01:25:22]} {[%emt 00:00:07]} 10. Bg2 {[%clk 01:25:44]} {[%emt
00:01:53]} e6 {[%clk 01:23:17]} {[%emt 00:02:35]} 11. Bd2 {[%clk 01:22:03]}
{[%emt 00:04:11]} Qc7 {[%clk 01:19:28]} {[%emt 00:04:19]} 12. Ne4 {[%clk
01:20:24]} {[%emt 00:02:10]} Bxe4 {[%clk 01:15:37]} {[%emt 00:04:22]} 13. Bxe4
{[%clk 01:20:12]} {[%emt 00:00:42]} Nf6 {[%clk 01:14:50]} {[%emt 00:01:17]} 14.
Bg2 {[%clk 01:19:51]} {[%emt 00:00:51]} Bd6 {[%clk 01:14:22]} {[%emt 00:00:58]}
15. Qf3 {[%clk 01:18:08]} {[%emt 00:02:13]} Rhf8 {[%clk 01:07:09]} {[%emt
00:07:43]} 16. c4 {[%clk 01:14:28]} {[%emt 00:04:10]} Rae8 {[%clk 00:57:41]}
{[%emt 00:09:58]} 17. O-O-O {[%clk 01:09:31]} {[%emt 00:05:26]} Kc8 {[%clk
00:54:45]} {[%emt 00:03:26]} 18. Kb1 {[%clk 01:06:42]} {[%emt 00:03:20]} Kb8
{[%clk 00:52:58]} {[%emt 00:02:17]} 19. g5 {[%clk 01:02:53]} {[%emt 00:04:18]}
Nd7 {[%clk 00:52:08]} {[%emt 00:01:20]} 20. Rhe1 {[%clk 00:55:09]} {[%emt
00:08:14]} Qd8 {[%clk 00:40:24]} {[%emt 00:12:14]} 21. Re3 {[%clk 00:48:08]}
{[%emt 00:07:30]} Kc8 {[%clk 00:34:08]} {[%emt 00:06:46]} 22. Rb3 {[%clk
00:45:19]} {[%emt 00:03:20]} Nb8 {[%clk 00:30:40]} {[%emt 00:03:59]} 23. Qc3
{[%clk 00:37:51]} {[%emt 00:07:57]} e5 {[%clk 00:27:37]} {[%emt 00:03:32]} 24.
c5 {[%clk 00:33:59]} {[%emt 00:04:22]} exd4 {[%clk 00:27:26]} {[%emt 00:00:42]}
25. Qxd4 {[%clk 00:33:32]} {[%emt 00:00:57]} Be5 {[%clk 00:26:50]} {[%emt
00:01:06]} 26. Qb4 {[%clk 00:31:20]} {[%emt 00:02:42]} Qc7 {[%clk 00:25:24]}
{[%emt 00:01:56]} 27. f4 {[%clk 00:29:47]} {[%emt 00:02:02]} Na6 {[%clk
00:23:40]} {[%emt 00:02:15]} 28. Qc4 {[%clk 00:28:37]} {[%emt 00:01:39]} Nxc5
{[%clk 00:22:35]} {[%emt 00:01:36]} 29. Qxc5 {[%clk 00:28:10]} {[%emt
00:00:57]} Bd6 {[%clk 00:22:36]} {[%emt 00:00:29]} 30. Qxa7 {[%clk 00:26:05]}
{[%emt 00:02:35]} Rd8 {[%clk 00:20:37]} {[%emt 00:02:28]} 31. Bf3 {[%clk
00:24:24]} {[%emt 00:02:13]} 1-0

[Event "DVM U20w 2022"]
[Site "Münster GER"]
[Date "2022.12.28"]
[Round "3"]
[White "Hafermann, Lara"]
[Black "Gröschel, Karoline"]
[Result "0-1"]
[Termination "normal"]
[Board "4.2"]
[WhiteElo "1414"]
[BlackElo "1709"]
[WhiteClock "00:15:54"]
[BlackClock "00:07:43"]
[WhiteTeam "SC Borussia Lichtenberg"]
[BlackTeam "SC Landskrone"]
[PlyCount "150"]
[WhiteFideId "16298306"]
[BlackFideId "34610537"]
[EventCountry "GER"]
[EventRounds "7"]
[EventType "team-swiss"]
[EventDate "2022.12.26"]

1. b3 {[%clk 01:30:58]} {[%emt 00:00:02]} e5 {[%clk 01:30:47]} {[%emt
00:00:13]} 2. Bb2 {[%clk 01:31:21]} {[%emt 00:00:07]} Nc6 {[%clk 01:31:03]}
{[%emt 00:00:14]} 3. e3 {[%clk 01:31:42]} {[%emt 00:00:09]} Nf6 {[%clk
01:31:25]} {[%emt 00:00:08]} 4. Bb5 {[%clk 01:31:54]} {[%emt 00:00:17]} Bd6
{[%clk 01:31:44]} {[%emt 00:00:11]} 5. Na3 {[%clk 01:32:04]} {[%emt 00:00:19]}
Na5 {[%clk 01:31:40]} {[%emt 00:00:35]} 6. Be2 {[%clk 01:32:16]} {[%emt
00:00:18]} a6 {[%clk 01:31:37]} {[%emt 00:00:32]} 7. c4 {[%clk 01:30:14]}
{[%emt 00:02:33]} O-O {[%clk 01:26:03]} {[%emt 00:06:04]} 8. Nc2 {[%clk
01:22:13]} {[%emt 00:08:31]} Qe7 {[%clk 01:17:16]} {[%emt 00:09:17]} 9. Nf3
{[%clk 01:10:30]} {[%emt 00:12:12]} c5 {[%clk 01:06:50]} {[%emt 00:10:55]} 10.
d4 {[%clk 01:05:48]} {[%emt 00:05:12]} exd4 {[%clk 00:45:55]} {[%emt 00:21:26]}
11. exd4 {[%clk 01:05:31]} {[%emt 00:00:47]} Re8 {[%clk 00:46:16]} {[%emt
00:00:08]} 12. dxc5 {[%clk 01:00:34]} {[%emt 00:05:27]} Bxc5 {[%clk 00:44:44]}
{[%emt 00:02:02]} 13. Bxf6 {[%clk 00:56:14]} {[%emt 00:04:50]} Qxf6 {[%clk
00:45:05]} {[%emt 00:00:09]} 14. O-O {[%clk 00:48:02]} {[%emt 00:08:43]} Nc6
{[%clk 00:43:42]} {[%emt 00:01:53]} 15. Re1 {[%clk 00:41:29]} {[%emt 00:07:02]}
d6 {[%clk 00:41:55]} {[%emt 00:02:17]} 16. Qd2 {[%clk 00:36:59]} {[%emt
00:05:00]} a5 {[%clk 00:38:42]} {[%emt 00:03:42]} 17. Rad1 {[%clk 00:31:00]}
{[%emt 00:06:29]} Bf5 {[%clk 00:31:13]} {[%emt 00:07:59]} 18. Bd3 {[%clk
00:27:32]} {[%emt 00:03:58]} Bg4 {[%clk 00:18:19]} {[%emt 00:13:24]} 19. Rxe8
{[%clk 00:25:11]} {[%emt 00:02:51]} Rxe8 {[%clk 00:18:45]} {[%emt 00:00:04]}
20. Re1 {[%clk 00:24:47]} {[%emt 00:00:53]} Rd8 {[%clk 00:17:09]} {[%emt
00:02:06]} 21. Be4 {[%clk 00:21:12]} {[%emt 00:04:05]} Ra8 {[%clk 00:10:59]}
{[%emt 00:06:40]} 22. Qe2 {[%clk 00:07:23]} {[%emt 00:14:19]} g6 {[%clk
00:10:00]} {[%emt 00:01:30]} 23. h3 {[%clk 00:07:02]} {[%emt 00:00:51]} Bd7
{[%clk 00:07:31]} {[%emt 00:02:58]} 24. Bd5 {[%clk 00:06:55]} {[%emt 00:00:37]}
Re8 {[%clk 00:07:05]} {[%emt 00:00:55]} 25. Qd3 {[%clk 00:05:36]} {[%emt
00:01:51]} Ne5 {[%clk 00:06:42]} {[%emt 00:00:54]} 26. Nxe5 {[%clk 00:04:52]}
{[%emt 00:01:13]} Qxf2 {[%clk 00:04:23]} {[%emt 00:02:50]} 27. Kh1 {[%clk
00:05:15]} {[%emt 00:00:07]} Rxe5 {[%clk 00:04:38]} {[%emt 00:00:15]} 28. Rf1
{[%clk 00:04:32]} {[%emt 00:01:13]} Bf5 {[%clk 00:02:18]} {[%emt 00:02:51]} 29.
Rxf2 {[%clk 00:03:28]} {[%emt 00:01:34]} Bxd3 {[%clk 00:02:44]} {[%emt
00:00:04]} 30. Rd2 {[%clk 00:02:11]} {[%emt 00:01:46]} Be4 {[%clk 00:02:14]}
{[%emt 00:01:00]} 31. Bxe4 {[%clk 00:01:55]} {[%emt 00:00:46]} Rxe4 {[%clk
00:02:40]} {[%emt 00:00:05]} 32. g3 {[%clk 00:01:46]} {[%emt 00:00:39]} Kf8
{[%clk 00:02:01]} {[%emt 00:01:08]} 33. Kg2 {[%clk 00:02:09]} {[%emt 00:00:07]}
Ke7 {[%clk 00:01:44]} {[%emt 00:00:47]} 34. Kf3 {[%clk 00:02:36]} {[%emt
00:00:03]} Re5 {[%clk 00:01:35]} {[%emt 00:00:39]} 35. Re2 {[%clk 00:02:28]}
{[%emt 00:00:39]} Ke6 {[%clk 00:01:23]} {[%emt 00:00:42]} 36. g4 {[%clk
00:01:37]} {[%emt 00:01:21]} Rxe2 {[%clk 00:01:27]} {[%emt 00:00:26]} 37. Kxe2
{[%emt 00:00:02]} d5 {[%clk 00:01:36]} {[%emt 00:00:20]} 38. cxd5 {[%clk
00:01:41]} {[%emt 00:00:55]} Kxd5 {[%clk 00:01:59]} {[%emt 00:00:07]} 39. Ne1
{[%clk 00:01:06]} {[%emt 00:01:04]} Kd4 {[%clk 00:00:53]} {[%emt 00:01:37]} 40.
Nf3 {[%clk 00:00:50]} {[%emt 00:00:46]} Kc3 {[%clk 00:00:45]} {[%emt 00:00:37]}
41. Ne1 {[%clk 00:00:31]} {[%emt 00:00:50]} Bd6 {[%clk 00:28:21]} {[%emt
00:02:54]} 42. Nd3 {[%clk 00:29:34]} {[%emt 00:01:27]} Kc2 {[%clk 00:25:38]}
{[%emt 00:03:12]} 43. Nf2 {[%clk 00:27:03]} {[%emt 00:03:02]} Kb2 {[%clk
00:23:59]} {[%emt 00:02:09]} 44. Kd3 {[%clk 00:27:10]} {[%emt 00:00:23]} b5
{[%clk 00:22:27]} {[%emt 00:02:02]} 45. Nd1 {[%clk 00:27:05]} {[%emt 00:00:35]}
Kxa2 {[%clk 00:20:21]} {[%emt 00:02:36]} 46. Kc2 {[%clk 00:27:25]} {[%emt
00:00:10]} Be5 {[%clk 00:19:53]} {[%emt 00:00:57]} 47. Ne3 {[%clk 00:26:53]}
{[%emt 00:01:03]} Ka3 {[%clk 00:19:06]} {[%emt 00:01:17]} 48. Nd5 {[%clk
00:25:16]} {[%emt 00:02:07]} a4 {[%clk 00:18:29]} {[%emt 00:01:07]} 49. bxa4
{[%clk 00:24:24]} {[%emt 00:01:23]} bxa4 {[%clk 00:18:01]} {[%emt 00:00:59]}
50. h4 {[%clk 00:21:52]} {[%emt 00:03:01]} f6 {[%clk 00:16:41]} {[%emt
00:01:50]} 51. h5 {[%clk 00:21:45]} {[%emt 00:00:38]} gxh5 {[%clk 00:13:59]}
{[%emt 00:03:13]} 52. gxh5 {[%clk 00:22:13]} {[%emt 00:00:02]} h6 {[%clk
00:13:56]} {[%emt 00:00:33]} 53. Ne3 {[%clk 00:22:23]} {[%emt 00:00:19]} Bf4
{[%clk 00:13:50]} {[%emt 00:00:35]} 54. Nd5 {[%clk 00:22:42]} {[%emt 00:00:12]}
Bg5 {[%clk 00:13:52]} {[%emt 00:00:26]} 55. Ne7 {[%clk 00:22:21]} {[%emt
00:00:52]} Kb4 {[%clk 00:13:44]} {[%emt 00:00:37]} 56. Kb2 {[%clk 00:22:44]}
{[%emt 00:00:08]} a3 {[%clk 00:12:23]} {[%emt 00:01:51]} 57. Ka2 {[%clk
00:23:08]} {[%emt 00:00:07]} Ka4 {[%clk 00:12:05]} {[%emt 00:00:48]} 58. Nf5
{[%clk 00:22:47]} {[%emt 00:00:50]} Kb4 {[%clk 00:11:57]} {[%emt 00:00:38]} 59.
Ne7 {[%clk 00:22:42]} {[%emt 00:00:35]} Bh4 {[%clk 00:09:41]} {[%emt 00:02:47]}
60. Nf5 {[%clk 00:22:53]} {[%emt 00:00:18]} Bg5 {[%clk 00:09:42]} {[%emt
00:00:29]} 61. Ne7 {[%clk 00:21:17]} {[%emt 00:02:06]} Ka4 {[%clk 00:09:06]}
{[%emt 00:01:06]} 62. Nf5 {[%clk 00:15:25]} {[%emt 00:06:22]} Bc1 {[%clk
00:09:28]} {[%emt 00:00:08]} 63. Ne7 {[%clk 00:15:38]} {[%emt 00:00:17]} Kb5
{[%clk 00:08:41]} {[%emt 00:01:17]} 64. Kb1 {[%clk 00:15:42]} {[%emt 00:00:26]}
Bf4 {[%clk 00:07:44]} {[%emt 00:01:23]} 65. Ka2 {[%clk 00:14:36]} {[%emt
00:01:39]} Bd6 {[%clk 00:07:18]} {[%emt 00:00:56]} 66. Nf5 {[%clk 00:15:01]}
{[%emt 00:00:06]} Bf8 {[%clk 00:07:38]} {[%emt 00:00:10]} 67. Nd4 {[%clk
00:14:45]} {[%emt 00:00:46]} Kc4 {[%clk 00:07:17]} {[%emt 00:00:51]} 68. Ne6
{[%clk 00:14:56]} {[%emt 00:00:20]} Be7 {[%clk 00:07:12]} {[%emt 00:00:33]} 69.
Ng7 {[%clk 00:15:16]} {[%emt 00:00:12]} Kd5 {[%clk 00:07:14]} {[%emt 00:00:27]}
70. Nf5 {[%clk 00:15:16]} {[%emt 00:00:32]} Bf8 {[%clk 00:07:36]} {[%emt
00:00:05]} 71. Nh4 {[%clk 00:15:21]} {[%emt 00:00:27]} Ke4 {[%clk 00:07:34]}
{[%emt 00:00:32]} 72. Ng6 {[%clk 00:15:34]} {[%emt 00:00:18]} Bd6 {[%clk
00:07:43]} {[%emt 00:00:19]} 73. Nh4 {[%clk 00:15:37]} {[%emt 00:00:29]} Kf4
{[%clk 00:07:38]} {[%emt 00:00:34]} 74. Ng2 {[%clk 00:15:37]} {[%emt 00:00:31]}
Kg5 {[%clk 00:07:52]} {[%emt 00:00:15]} 75. Ne3 {[%clk 00:15:54]} {[%emt
00:00:14]} Kxh5 {[%clk 00:07:43]} {[%emt 00:00:39]} 0-1

[Event "DVM U20w 2022"]
[Site "Münster GER"]
[Date "2022.12.28"]
[Round "3"]
[White "Müller, Riyanna"]
[Black "Kessen, Fanny"]
[Result "0-1"]
[Termination "normal"]
[Board "4.3"]
[WhiteElo "1619"]
[BlackElo "1369"]
[WhiteClock "00:30:26"]
[BlackClock "00:34:30"]
[WhiteTeam "SC Landskrone"]
[BlackTeam "SC Borussia Lichtenberg"]
[PlyCount "49"]
[WhiteFideId "16287401"]
[BlackFideId "16217357"]
[EventCountry "GER"]
[EventRounds "7"]
[EventType "team-swiss"]
[EventDate "2022.12.26"]

1. e4 {[%clk 01:30:58]} {[%emt 00:00:01]} e5 {[%clk 01:30:57]} {[%emt
00:00:04]} 2. Nf3 {[%clk 01:31:21]} {[%emt 00:00:07]} Nc6 {[%clk 01:31:22]}
{[%emt 00:00:05]} 3. Bc4 {[%clk 01:31:41]} {[%emt 00:00:09]} Nf6 {[%clk
01:31:43]} {[%emt 00:00:08]} 4. d3 {[%clk 01:31:58]} {[%emt 00:00:13]} Be7
{[%clk 01:31:47]} {[%emt 00:00:27]} 5. c3 {[%clk 01:32:05]} {[%emt 00:00:24]}
O-O {[%clk 01:31:31]} {[%emt 00:00:46]} 6. O-O {[%clk 01:32:16]} {[%emt
00:00:18]} Re8 {[%clk 01:30:58]} {[%emt 00:01:04]} 7. Bb3 {[%clk 01:28:37]}
{[%emt 00:04:09]} d5 {[%clk 01:25:57]} {[%emt 00:05:31]} 8. exd5 {[%clk
01:26:04]} {[%emt 00:03:02]} Nxd5 {[%clk 01:26:00]} {[%emt 00:00:27]} 9. Re1
{[%clk 01:26:06]} {[%emt 00:00:28]} Bf6 {[%clk 01:22:43]} {[%emt 00:03:48]} 10.
d4 {[%clk 01:19:34]} {[%emt 00:07:02]} Nb6 {[%clk 01:17:19]} {[%emt 00:05:55]}
11. Qe2 {[%clk 01:13:59]} {[%emt 00:06:02]} Bg4 {[%clk 01:13:00]} {[%emt
00:04:50]} 12. d5 {[%clk 00:32:25]} {[%emt 00:42:04]} Na5 {[%clk 01:03:17]}
{[%emt 00:10:13]} 13. Bc2 {[%clk 00:29:00]} {[%emt 00:03:55]} Qxd5 {[%clk
00:59:08]} {[%emt 00:04:39]} 14. Be4 {[%clk 00:25:11]} {[%emt 00:04:19]} Qd7
{[%clk 00:52:43]} {[%emt 00:06:55]} 15. Qc2 {[%clk 00:14:17]} {[%emt 00:11:22]}
h6 {[%clk 00:50:46]} {[%emt 00:02:29]} 16. b4 {[%clk 00:12:02]} {[%emt
00:02:45]} Nc6 {[%clk 00:49:17]} {[%emt 00:01:59]} 17. a4 {[%clk 00:11:02]}
{[%emt 00:01:31]} Bxf3 {[%clk 00:46:31]} {[%emt 00:03:15]} 18. Bxf3 {[%clk
00:11:13]} {[%emt 00:00:19]} e4 {[%clk 00:45:41]} {[%emt 00:01:20]} 19. Bxe4
{[%clk 00:01:47]} {[%emt 00:09:56]} Nxb4 {[%clk 00:44:41]} {[%emt 00:01:29]}
20. Qe2 {[%clk 00:01:21]} {[%emt 00:00:49]} a5 {[%clk 00:38:48]} {[%emt
00:06:32]} 21. Bb2 {[%clk 00:01:09]} {[%emt 00:00:42]} Na6 {[%clk 00:37:16]}
{[%emt 00:02:02]} 22. Qc2 {[%clk 00:00:47]} {[%emt 00:00:52]} Nc5 {[%clk
00:36:55]} {[%emt 00:00:50]} 23. Nd2 {[%clk 00:00:56]} {[%emt 00:00:21]} Nbxa4
{[%clk 00:35:38]} {[%emt 00:01:47]} 24. Bf5 {[%clk 00:00:44]} {[%emt 00:00:43]}
Qc6 {[%clk 00:34:30]} {[%emt 00:01:37]} 25. Ne4 {[%clk 00:30:26]} {[%emt
00:00:48]} 0-1

[Event "DVM U20w 2022"]
[Site "Münster GER"]
[Date "2022.12.28"]
[Round "3"]
[White "Basovskiy, Jana"]
[Black "Wolterink, Jule"]
[Result "1-0"]
[Termination "normal"]
[Board "5.1"]
[WhiteElo "1865"]
[BlackElo "1424"]
[WhiteClock "00:49:37"]
[BlackClock "00:52:55"]
[WhiteTeam "Karlsruher SF 1853 1"]
[BlackTeam "SK Lehrte von 1919 e. V."]
[PlyCount "41"]
[WhiteFideId "16208617"]
[BlackFideId "12981206"]
[EventCountry "GER"]
[EventRounds "7"]
[EventType "team-swiss"]
[EventDate "2022.12.26"]

1. e4 {[%clk 01:30:58]} c5 {[%clk 01:30:53]} {[%emt 00:00:08]} 2. Nf3 {[%clk
01:31:21]} {[%emt 00:00:07]} Nc6 {[%clk 01:31:11]} {[%emt 00:00:11]} 3. Bb5
{[%clk 01:31:31]} {[%emt 00:00:21]} g6 {[%clk 01:31:18]} {[%emt 00:00:23]} 4.
Bxc6 {[%clk 01:31:27]} {[%emt 00:00:33]} dxc6 {[%clk 01:31:40]} {[%emt
00:00:09]} 5. h3 {[%clk 01:27:25]} {[%emt 00:04:32]} Bg7 {[%clk 01:31:31]}
{[%emt 00:00:39]} 6. O-O {[%clk 01:27:07]} {[%emt 00:00:46]} Nf6 {[%clk
01:31:23]} {[%emt 00:00:40]} 7. Re1 {[%clk 01:22:31]} {[%emt 00:05:05]} O-O
{[%clk 01:30:07]} {[%emt 00:01:46]} 8. d3 {[%clk 01:22:30]} {[%emt 00:00:31]}
Nd7 {[%clk 01:29:43]} {[%emt 00:00:55]} 9. Nbd2 {[%clk 01:17:53]} {[%emt
00:05:06]} e5 {[%clk 01:28:35]} {[%emt 00:01:39]} 10. Nc4 {[%clk 01:12:41]}
{[%emt 00:05:40]} Qc7 {[%clk 01:25:27]} {[%emt 00:03:39]} 11. Be3 {[%clk
01:11:44]} {[%emt 00:01:27]} b6 {[%clk 01:24:56]} {[%emt 00:01:02]} 12. Qd2
{[%clk 01:06:13]} {[%emt 00:06:00]} Re8 {[%clk 01:20:58]} {[%emt 00:04:29]} 13.
Bh6 {[%clk 01:03:41]} {[%emt 00:03:01]} Ba6 {[%clk 01:15:47]} {[%emt 00:05:42]}
14. Bxg7 {[%clk 01:02:38]} {[%emt 00:01:33]} Kxg7 {[%clk 01:16:05]} {[%emt
00:00:12]} 15. Ne3 {[%clk 01:03:02]} {[%emt 00:00:06]} Nf8 {[%clk 01:11:47]}
{[%emt 00:04:49]} 16. Ng4 {[%clk 01:02:32]} {[%emt 00:00:59]} Rad8 {[%clk
01:01:02]} {[%emt 00:11:16]} 17. Qh6 {[%clk 00:57:17]} {[%emt 00:05:40]} Kh8
{[%clk 01:00:45]} {[%emt 00:00:52]} 18. Nf6 {[%clk 00:49:56]} {[%emt 00:07:51]}
Re6 {[%clk 00:55:49]} {[%emt 00:05:27]} 19. Nxh7 {[%clk 00:49:01]} {[%emt
00:01:24]} g5 {[%clk 00:52:59]} {[%emt 00:03:20]} 20. Nf6 {[%clk 00:49:10]}
{[%emt 00:00:21]} Nh7 {[%clk 00:52:55]} {[%emt 00:00:34]} 21. Qxh7# {[%clk
00:49:37]} {[%emt 00:00:03]} 1-0